On alexander's track to the Indus (Record no. 410455)
[ view plain ]
| 000 -LEADER | |
|---|---|
| fixed length control field | 00233 a2200097 4500 |
| 090 ## - LOCALLY ASSIGNED LC-TYPE CALL NUMBER (OCLC); LOCAL CALL NUMBER (RLIN) | |
| -- | 27815 |
| -- | 27815 |
| 100 ## - MAIN ENTRY--PERSONAL NAME | |
| Personal name | Stein A |
| 245 ## - TITLE STATEMENT | |
| Title | On alexander's track to the Indus |
| 260 ## - PUBLICATION, DISTRIBUTION, ETC. | |
| Place of publication, distribution, etc. | Karachi |
| Name of publisher, distributor, etc. | Indus pub |
| Date of publication, distribution, etc. | |
| 942 ## - ADDED ENTRY ELEMENTS (KOHA) | |
| Institution code [OBSOLETE] | NUST-CAE |
| Koha item type | |
| -- | |
| Withdrawn status | Lost status | Source of classification or shelving scheme | Damaged status | Not for loan | Permanent Location | Current Location | Date acquired | Total Checkouts | Full call number | Barcode | Date last seen | Price effective from | Koha item type |
|---|---|---|---|---|---|---|---|---|---|---|---|---|---|
| School of Civil and Environmental Engineering (SCEE) | School of Civil and Environmental Engineering (SCEE) | 01/16/2020 | 915.4912 | NIT-9267 | 01/16/2020 | 01/16/2020 |
